On The Wings of the Blacked Necked Crane : (Record no. 10209)
[ view plain ]
| 000 -LEADER | |
|---|---|
| fixed length control field | 00361nam a2200133 4500 |
| 001 - CONTROL NUMBER | |
| control field | 5910 |
| 005 - DATE AND TIME OF LATEST TRANSACTION | |
| control field | 20250409092702.0 |
| 008 - FIXED-LENGTH DATA ELEMENTS--GENERAL INFORMATION | |
| fixed length control field | 250409b |
| 020 ## - INTERNATIONAL STANDARD BOOK NUMBER | |
| International Standard Book Number | 99936-638-0-8 |
| 245 00 - TITLE STATEMENT | |
| Title | On The Wings of the Blacked Necked Crane : |
| Remainder of title | an anthology of momola's oral stories re-told / |
| 260 00 - PUBLICATION, DISTRIBUTION, ETC. | |
| Place of publication, distribution, etc. | Bhutan : |
| Name of publisher, distributor, etc. | Dechen Dolkar, |
| Date of publication, distribution, etc. | n.d. |
| 300 00 - PHYSICAL DESCRIPTION | |
| Extent | Pg.68 : ill. |
| 942 ## - ADDED ENTRY ELEMENTS (KOHA) | |
| Source of classification or shelving scheme | Dewey Decimal Classification |
| Koha item type | Main |
| Withdrawn status | Lost status | Source of classification or shelving scheme | Damaged status | Not for loan | Home library | Current library | Shelving location | Date acquired | Inventory number | Full call number | Barcode | Date last seen | Price effective from | Koha item type | Public note |
|---|---|---|---|---|---|---|---|---|---|---|---|---|---|---|---|
| Dewey Decimal Classification | RTC Library | RTC Library | Main opac | 09/04/2025 | 19250 | 398.2095498 DOL | 30020412 | 09/04/2025 | 09/04/2025 | Main | Donated by Dr.Dolma |